00478nam a22001217a 4500003000400000005001700004008004100021040001200062082001400074100002400088245005200112520019200164OSt20231107172655.0231107b |||||||| |||| 00| 0 eng d cCO-JMCR04aC /bPANd10aPanamericanaeautor02aUn día de trabajo con cerdito /cPanamericana aCerdito tiene muchas cosas qe hacer. ¿A quién le pedirá ayuda? gira la rueda y escoge el animal de la granja que acompañará cada una de las escenas de esta encantadora historia.